000 00217nam a2200097Ia 4500
008 190216s9999||||xx |||||||||||||| ||und||
100 _aAndley Kk
245 0 _aMonetary Theory And Practice
260 _bNull
942 _cBK
999 _c9285
_d9285